Central Library || Chittagong University

The Oxford dictionary of english proverbs./ (Record no. 109314)

MARC details
000 -LEADER
fixed length control field 00511nam a22001817a 4500
003 - CONTROL NUMBER IDENTIFIER
control field BD-ChCU
005 - DATE AND TIME OF LATEST TRANSACTION
control field 20251111104523.0
008 - FIXED-LENGTH DATA ELEMENTS--GENERAL INFORMATION
fixed length control field 251111b bg ||||| |||| 00| 0 ben d
040 ## - CATALOGING SOURCE
Transcribing agency BD-ChCU
082 ## - DEWEY DECIMAL CLASSIFICATION NUMBER
Classification number REF 398.9 SMO
100 ## - MAIN ENTRY--PERSONAL NAME
Personal name Smith , William George.
9 (RLIN) 15926
245 ## - TITLE STATEMENT
Title The Oxford dictionary of english proverbs./
Statement of responsibility, etc. George , Smith william
250 ## - EDITION STATEMENT
Edition statement 2nd. ed.
260 ## - PUBLICATION, DISTRIBUTION, ETC.
Place of publication, distribution, etc. Oxford :
Name of publisher, distributor, etc. The Clerandon press,
Date of publication, distribution, etc. 1963
300 ## - PHYSICAL DESCRIPTION
Extent xxxi , 740p
650 #0 - SUBJECT ADDED ENTRY--TOPICAL TERM
Topical term or geographic name entry element proverbs .
9 (RLIN) 15927
942 ## - ADDED ENTRY ELEMENTS (KOHA)
Source of classification or shelving scheme Dewey Decimal Classification
Koha item type Books
Suppress in OPAC No
Holdings
Withdrawn status Lost status Source of classification or shelving scheme Damaged status Not for loan Home library Current library Shelving location Date acquired Source of acquisition Total Checkouts Full call number Barcode Date last seen Copy number Price effective from Koha item type
    Dewey Decimal Classification     Chittagong University Library Chittagong University Library Reference 11/11/2025 Purchase   REF 398.9 SMO 1584 11/11/2025 C-1 11/11/2025 Books
    Dewey Decimal Classification     Chittagong University Library Chittagong University Library Reference 11/11/2025 Purchase   REF 398.9 SMO 10091 11/11/2025 C-2 11/11/2025 Books
    Dewey Decimal Classification     Chittagong University Library Chittagong University Library Reference 11/11/2025     REF 398.9 SMO 58029 11/11/2025 C-3 11/11/2025 Books
© Copyright 2026. Chittagong University Library, Installation and Maintenance by Prof. Dr. Md. Alamgir, 01711306253